Nationwide house price index (Record no. 113330)
[ view plain ]
| 000 -LEADER | |
|---|---|
| fixed length control field | 00897cad a22002055a 4500 |
| 001 - CONTROL NUMBER | |
| control field | L155115 |
| 008 - FIXED-LENGTH DATA ELEMENTS--GENERAL INFORMATION | |
| fixed length control field | 120302s20120301xxk f 000 0 eng d |
| 035 ## - SYSTEM CONTROL NUMBER | |
| System control number | (Sirsi) u155115 |
| 041 0# - LANGUAGE CODE | |
| Language code of text/sound track or separate title | eng |
| 110 2# - MAIN ENTRY--CORPORATE NAME | |
| Corporate name or jurisdiction name as entry element | Nationwide Building Society |
| 9 (RLIN) | 1019 |
| 245 00 - TITLE STATEMENT | |
| Title | Nationwide house price index |
| Remainder of title | February 2012 |
| Medium | [electronic resource] |
| 260 ## - PUBLICATION, DISTRIBUTION, ETC. | |
| Date of publication, distribution, etc. | 2011 |
| 490 #0 - SERIES STATEMENT | |
| Series statement | Nationwide House Price Index |
| Volume/sequential designation | February 2012 |
| 520 ## - SUMMARY, ETC. | |
| Summary, etc. | United Kingdom house prices increased by 0.6% in February 2012 and 0.9% on a year on year basis. Notes house prices have picked up which may be partially due to the stamp duty holiday for first time buyers which finishes on the 24 March 2012. |
| 590 ## - LOCAL NOTE (RLIN) | |
| Local note | KA |
| 651 #4 - SUBJECT ADDED ENTRY--GEOGRAPHIC NAME | |
| Geographic name | United Kingdom |
| Chronological subdivision | |
| 690 ## - LOCAL SUBJECT ADDED ENTRY--TOPICAL TERM (OCLC, RLIN) | |
| Topical term or geographic name as entry element | Residential property |
| 9 (RLIN) | 6266 |
| 856 40 - ELECTRONIC LOCATION AND ACCESS | |
| Uniform Resource Identifier | <a href="https://www.nationwide.co.uk/hpi/historical/Feb_2012.pdf">https://www.nationwide.co.uk/hpi/historical/Feb_2012.pdf</a> |
| Public note | View this item free of charge at www.nationwide.co.uk |
| 942 ## - ADDED ENTRY ELEMENTS (KOHA) | |
| Suppress in OPAC | 0 |
| Withdrawn status | Lost status | Source of classification or shelving scheme | Damaged status | Not for loan | Home library | Current library | Shelving location | Date acquired | Total Checkouts | Full call number | Barcode | Date last seen | Copy number | Price effective from | Koha item type |
|---|---|---|---|---|---|---|---|---|---|---|---|---|---|---|---|
| Dewey Decimal Classification | Virtual | Virtual | Online | 02/03/2012 | ONLINE PUBLICATION | 155115-2001 | 06/08/2019 | 1 | 06/08/2019 | Book |